CATÁLOGO PÚBLICO DE LA BIBLIOTECA OSCAR VARSAVSKY

Visita de inspección ocular y perceptiva al estado Carabobo (Registro nro. 11278)

Detalles MARC
000 -CABECERA
campo de control de longitud fija 00622nam a22001937a 4500
001 - NÚMERO DE CONTROL
campo de control T027600010586
008 - DATOS DE LONGITUD FIJA--INFORMACIÓN GENERAL
campo de control de longitud fija 181111b xve|||||r|||| 00| | esp d
099 ## - SIGNATURA TOPOGRÁFICA LOCAL
Número de clasificación IVP-D-05545
Cutter
100 ## - ENTRADA PRINCIPAL--NOMBRE DE PERSONA
Nombre de persona Ministerio de Planificación y Desarrollo.Dirección General de Coordinación Institucional de Evaluación y Seguimiento de Desarrollo Regional
245 ## - MENCIÓN DE TÍTULO
Título Visita de inspección ocular y perceptiva al estado Carabobo
260 ## - PUBLICACIÓN, DISTRIBUCIÓN, ETC. (PIE DE IMPRENTA)
Lugar de publicación, distribución, etc. s.f.
500 ## - NOTA GENERAL
Nota general Impreso
650 ## - PUNTO DE ACCESO ADICIONAL DE MATERIA--TÉRMINO DE MATERIA
Término de materia o nombre geográfico como elemento inicial Evaluación
650 ## - PUNTO DE ACCESO ADICIONAL DE MATERIA--TÉRMINO DE MATERIA
Término de materia o nombre geográfico como elemento inicial obras civiles
650 ## - PUNTO DE ACCESO ADICIONAL DE MATERIA--TÉRMINO DE MATERIA
Término de materia o nombre geográfico como elemento inicial contrato
650 ## - PUNTO DE ACCESO ADICIONAL DE MATERIA--TÉRMINO DE MATERIA
Término de materia o nombre geográfico como elemento inicial obras de ingeniería
650 ## - PUNTO DE ACCESO ADICIONAL DE MATERIA--TÉRMINO DE MATERIA
Término de materia o nombre geográfico como elemento inicial vialidad terrestre.
942 ## - ELEMENTOS DE PUNTO DE ACCESO ADICIONAL (KOHA)
Tipo de ítem Koha Libro
Existencias
Estado de retiro Estado de pérdida Estado dañado No para préstamo Código de colección Localización permanente Ubicación/localización actual Ubicación en estantería Fecha de adquisición Total de préstamos Signatura topográfica completa Código de barras Fecha visto por última vez Precio válido a partir de Tipo de ítem Koha
        IVP Oscar Varsavsky Oscar Varsavsky Caja N° 9 13.11.2018   IVP-D-05545 T027600013235 13.11.2018 13.11.2018 Documento